Kurze Charakteristik des lautes Innerhalb einiger sprachwissenschaftlicher Theorien

Teoretické a empirické vlastnosti nemeckého zvuku.

Na minha lista:
Detalhes bibliográficos
Autor principal: Adamcová, Silvia, 1984-
Formato: Capítulo de Livro
Idioma:alemão
Assuntos:
Tags: Adicionar Tag
Sem tags, seja o primeiro a adicionar uma tag!

MARC

LEADER 00000naa$a2200000$$$4500
001 0254392
005 20240502074051.4
041 0 |a ger 
044 |a SK 
245 1 0 |a Kurze Charakteristik des lautes Innerhalb einiger sprachwissenschaftlicher Theorien  |c Silvia Adamcová 
520 |a Teoretické a empirické vlastnosti nemeckého zvuku. 
610 2 0 |a jazykoveda 
610 2 0 |a komunikácia verbálna 
610 2 0 |a nemčina 
610 2 0 |a výslovnosť 
610 2 0 |a jazyky cudzie 
100 1 |a Adamcová, Silvia, 1984-